00374nam a22001337a 450000500170000000800410001704100130005808200120007110000130008324500400009626000460013630000320018265000260021420240702061635.0240702b |||||||| |||| 00| 0 eng d aEnglish  a349 ANN lEnglish  aAnnual Survey of South African Law  aCape Town: bJuta and Company Ltd, c1993 bxlvii, 861 pages; c23 cm.  aLegal practice bLaw